[Event "Oulu We OSS"]
[Site "Oulu"]
[Date "2013.12.01"]
[Round "4"]
[White "Pesonen, Pentti"]
[Black "Korkiakoski, Vesa"]
[Result "0-1"]
[WhiteElo "1488"]
[BlackElo "1699"]
[PlyCount "66"]
[EventDate "2013.11.30"]
[EventType "swiss"]
[EventRounds "5"]
[EventCountry "FIN"]
[SourceTitle "EXT 2022"]
[Source "ChessBase"]
[SourceDate "2021.10.06"]
[SourceVersion "1"]
[SourceVersionDate "2021.10.06"]
[SourceQuality "1"]

1. e4 e5 2. Nf3 Nc6 3. d4 exd4 4. Nxd4 d6 5. Nxc6 bxc6 6. Bc4 Be7 7. 0-0 Nf6 8. Nc3 0-0 9. f3 Nd7 10. Ne2 Nb6 11. Bd3 a5 12. Nd4 Bd7 13. Be3 Bf6 14. c3 Qe8 15. Re1 c5 16. Ne2 Na4 17. Qc2 g6 18. Bh6 Bg7 19. Bxg7 Kxg7 20. Nf4 Nb6 21. Nd5 Qd8 22. c4 Rb8 23. b3 Bc6 24. Qc3+ f6 25. Qxa5 Bxd5 26. exd5 Nd7 27. f4 f5 28. Qc3+ Nf6 29. Re6 Kh6 30. Rae1 Ra8 31. Bb1 Rf7 32. Qg3 Nh5 33. Qxg6+ hxg6 0-1